| 000 -LEADER |
| fixed length control field |
01271nam a22001577a 4500 |
| 008 - FIXED-LENGTH DATA ELEMENTS--GENERAL INFORMATION |
| fixed length control field |
200317b ||||| |||| 00| 0 eng d |
| 100 ## - MAIN ENTRY--PERSONAL NAME |
| Personal name |
Feng, Josh |
| 245 ## - TITLE STATEMENT |
| Title |
Crafting intellectual property rights: Implications for patent assertion entities, litigation and innovation |
| 260 ## - PUBLICATION, DISTRIBUTION, ETC. (IMPRINT) |
| Name of publisher, distributor, etc |
American Economic Journal: Applied Economics |
| 300 ## - PHYSICAL DESCRIPTION |
| Extent |
12(1), Jan, 2020: p.140-181. |
| 520 ## - SUMMARY, ETC. |
| Summary, etc |
We show that examiner-driven variation in patent rights leads to quantitatively large impacts on several patent outcomes, including patent value, citations, and litigation. Notably, Patent Assertion Entities (PAEs) overwhelmingly purchase patents granted by "lenient" examiners. These examiners issue patents that are more likely to be litigated by both PAEs and conventional companies, and that also have higher invalidity rates. PAEs leverage a specific friction in the patent system that stems from lenient examiners and affects litigation more broadly. These patterns indicate that there is much at stake during patent examination, contradicting the influential "rational ignorance" view of the patent office.
|
| 700 ## - ADDED ENTRY--PERSONAL NAME |
| Personal name |
Jaravel, Xavier |
| 9 (RLIN) |
16872 |
| 773 ## - HOST ITEM ENTRY |
| Main entry heading |
American Economic Journal: Applied Economics |
| 906 ## - LOCAL DATA ELEMENT F, LDF (RLIN) |
| Subject DIP |
Intellectual property |
| 942 ## - ADDED ENTRY ELEMENTS (KOHA) |
| Source of classification or shelving scheme |
|
| Item type |
Articles |